00500nam a2200157 a 450000100100000000500170001000800410002702000150006804000250008308200130010810000200012124500960014126000470023730000360028470000220032000004250520201002040210.0131205s1989 ag ac 000 0 spa d a9505110723 aDO-SdBNPbspacBNPHU axxxbxxx1 aDoman, Fabián14aLos Alsogaray :bsecretos de una dinastía y su corte /cFabián Doman, Martín Olivera. aBuenos Aires, Argentina :bAguilar,c1989. a239 p. :bil., retrs. ;c22 cm.12aOlivera, Martín